Statystyki dla Kraje Europy

Kliknij tutaj aby rozwiązać quiz!

Ogólne statystyki

  • Ten quiz został rozwiązany 76 razy
  • Średni wynik to 30 z 46

Statystyki odpowiedzi

StolicaKraj% Poprawnych
BerlinNiemcy
100%
KijówUkraina
100%
AtenyGrecja
86%
WatykanWatykan
81%
MadrytHiszpania
80%
WarszawaPolska
78%
LuksemburgLuksemburg
77%
MoskwaRosja
77%
PragaCzechy
75%
ParyżFrancja
75%
HelsinkiFinlandia
73%
San MarinoSan Marino
73%
BudapesztWęgry
73%
LondynWielka Brytania
73%
ReykjavikIslandia
72%
OsloNorwegia
72%
WiedeńAustria
70%
RzymWłochy
70%
AndoraAndora
69%
AmsterdamHolandia
69%
TiranaAlbania
67%
WilnoLitwa
67%
RygaŁotwa
67%
MonakoMonako
67%
SztokholmSzwecja
67%
KopenhagaDania
66%
DublinIrlandia
64%
ZagrzebChorwacja
63%
LizbonaPortugalia
61%
BukaresztRumunia
61%
MińskBiałoruś
59%
BernoSzwajcaria
59%
BrukselaBelgia
58%
PodgoricaCzarnogóra
58%
LublanaSłowenia
58%
SofiaBułgaria
55%
BelgradSerbia
55%
BratysławaSłowacja
55%
SarajewoBośnia i Hercegowina
50%
VallettaMalta
48%
AnkaraTurcja
48%
TallinEstonia
45%
PrisztinaKosowo
44%
KiszyniówMołdawia
44%
VaduzLiechtenstein
39%
SkopjeMacedonia Północna
38%

Rozkład punktacji

Percentyl według liczby udzielonych odpowiedzi

Procent ludzi z każdym wynikiem

Twoja historia wyników

Nie rozwiązałeś tego quizu